Spatial planning for a sustainable Singapore/ (Record no. 304635)
[ view plain ]
| 000 -LEADER | |
|---|---|
| fixed length control field | 01191nam a2200361 a 4500 |
| 001 - CONTROL NUMBER | |
| control field | vtls000349693 |
| 003 - CONTROL NUMBER IDENTIFIER | |
| control field | NLI |
| 005 - DATE AND TIME OF LATEST TRANSACTION | |
| control field | 20210602164919.0 |
| 008 - FIXED-LENGTH DATA ELEMENTS--GENERAL INFORMATION | |
| fixed length control field | 110113s2008 si dab e 001 0 eng |
| 020 ## - INTERNATIONAL STANDARD BOOK NUMBER | |
| International Standard Book Number | 1402065415 |
| Terms of availability | Euro89.95 |
| 039 #9 - LEVEL OF BIBLIOGRAPHIC CONTROL AND CODING DETAIL [OBSOLETE] | |
| -- | 201101132003 |
| -- | VLOAD |
| 040 ## - CATALOGING SOURCE | |
| Original cataloging agency | NLI : |
| Language of cataloging | eng |
| Transcribing agency | NLMARC21 |
| 041 0# - LANGUAGE CODE | |
| Language code of text/sound track or separate title | eng |
| 044 ## - COUNTRY OF PUBLISHING/PRODUCING ENTITY CODE | |
| MARC country code | si |
| 082 04 - DEWEY DECIMAL CLASSIFICATION NUMBER | |
| Classification number | 307.76 |
| Edition number | 22 |
| 245 00 - TITLE STATEMENT | |
| Title | Spatial planning for a sustainable Singapore/ |
| Statement of responsibility, etc. | edited by Tai-Chee Wong, Belinda Yuen and Charles Goldblum |
| 260 ## - PUBLICATION, DISTRIBUTION, ETC. | |
| Place of publication, distribution, etc. | Singapore : |
| Name of publisher, distributor, etc. | Springer; in association with the Singapore Institute of Planners, |
| Date of publication, distribution, etc. | c2008 |
| 300 ## - PHYSICAL DESCRIPTION | |
| Extent | xiii, 217 p. : |
| Other physical details | ill., maps; |
| Dimensions | 24 cm. |
| 504 ## - BIBLIOGRAPHY, ETC. NOTE | |
| Bibliography, etc. note | Includes bibliographical references and index |
| 650 #0 - SUBJECT ADDED ENTRY--TOPICAL TERM | |
| Topical term or geographic name entry element | City planning |
| Geographic subdivision | Singapore |
| 9 (RLIN) | 320238 |
| 650 #0 - SUBJECT ADDED ENTRY--TOPICAL TERM | |
| Topical term or geographic name entry element | Sustainable development |
| Geographic subdivision | Singapore |
| 9 (RLIN) | 327051 |
| 650 #0 - SUBJECT ADDED ENTRY--TOPICAL TERM | |
| Topical term or geographic name entry element | Land use, Urban |
| Geographic subdivision | Singapore |
| 9 (RLIN) | 327052 |
| 700 1# - ADDED ENTRY--PERSONAL NAME | |
| Personal name | Wong, Tai-Chee |
| Relationship | edt |
| 9 (RLIN) | 327053 |
| 700 1# - ADDED ENTRY--PERSONAL NAME | |
| Personal name | Yuen, Belinda K. P. |
| Relationship | edt |
| 9 (RLIN) | 512494 |
| 700 1# - ADDED ENTRY--PERSONAL NAME | |
| Personal name | Goldblum, Charles |
| Relationship | edt |
| 9 (RLIN) | 327055 |
| 887 ## - NON-MARC INFORMATION FIELD | |
| Content of non-MARC field | E. Haque jgs |
| 901 ## - LOCAL DATA ELEMENT A, LDA (RLIN) | |
| a | 560656 |
| b | 06.03.09 |
| 902 ## - LOCAL DATA ELEMENT B, LDB (RLIN) | |
| a | E 307.76 Sp 28 w |
| 904 ## - LOCAL DATA ELEMENT D, LDD (RLIN) | |
| a | E. Haque |
| 905 ## - LOCAL DATA ELEMENT E, LDE (RLIN) | |
| a | jgs |
| 942 ## - ADDED ENTRY ELEMENTS (KOHA) | |
| Source of classification or shelving scheme | Dewey Decimal Classification |
| Koha item type | Books |
| Withdrawn status | Lost status | Damaged status | Not for loan | Collection code | Home library | Current library | Shelving location | Date acquired | Total Checkouts | Full call number | Date last seen | Price effective from | Koha item type |
|---|---|---|---|---|---|---|---|---|---|---|---|---|---|
| New English | National Library of India | National Library of India | New English - Main Stack Division | E 307.76 Sp 28 w | 02/06/2021 | 02/06/2021 | Books |
